000 01209nam a2200313 c 4500
001 10746
003 ES-MaCES
005 20141221122106.0
008 000704s1999 sp t o000 | spa d
035 _aCES20000008075m
040 _aES-MaCES
_bspa
_cES-MaCES
110 2 _aConsejo Económico y Social de la Ciudad de Huelva
_92439
245 1 0 _aDictamen 3-1999
_b: sobre la Ordenanza fiscal reguladora de la tasa por prestación de servicios urbanísticos (...) y la Ordenanza fiscal reguladora de la tasa por prestación del servicio de saneamiento y otras actividades anexas al mismo : Sesión del Pleno de 19 de noviembre
_cConsejo Económico y Social, Ciudad de Huelva
260 _aHuelva
_bCES
_c1999
300 _a7 p.
_c24 cm
541 _cGratuito
650 4 _aadministración fiscal
_927209
650 4 _aprecio regulado
_927912
650 4 _aurbanización
_928625
650 4 _aplanificación urbana
_928620
650 4 _aservicio de saneamiento
_928743
650 4 _aHuelva
_931291
650 4 _arégimen jurídico
_929894
650 4 _adictamen
_930802
653 1 0 _aFiscalidad
902 _aLIB Libro
942 _2CES
_cBK
_h0.1.
999 _c10746
_d10746